00446cam a22001457a 4500008004000000020001500040082001700055100002000072245007100092260002900163300001000192650002200202650005100224650002500275180718b1988 xxu||||| |||| 00| 0 eng d a0938077155 aBA27x54 P641 aPilchick, Terry aJai Bhim: dispatches from a peaceful revolutioncby Terry Pilchick aGlasgowbWindhorsec1988 a240p. aBuddhism - India. aAmbedkar, B. R. - Criticism and interpretation aUntouchables - India